000 00708nam a22002297a 4500
005 20170124110246.0
010 _aA-834960
020 _c700.00
_a0465092349
035 _aA-834960
037 _bCen Lib/Ret
040 _aDPL
_bEN
082 _a333.7
_bWOR
110 _bInternational Institute for Environment and Development
_9107560
245 _aWorld resources 1986 :
_ba report /
260 _aNew York
_bBasic Books, Inc.
_c1985
270 _bNew York
300 _axiii, 353p. :
_c25cm(Hb)
_bill.
500 _aIncludes appendix and index
650 _aRecursos naturais.
_997668
650 _aHistória econômica, -- 1971-1990.
_997669
942 _2ddc
_cEN
_h333.7
_mWOR
999 _c135564
_d135564